Soccer Player Won World Cup - Sudden Death - Statistics

General Stats
  • This quiz has been taken 13,446 times
  • The average score is 5 of 12
Answers on the Grid
Answers color-coded by a green-red scale on the quiz's grid according to % correct below.
Alfredo Di Stefano
Andrés Iniesta
Bobby Charlton
Cristiano Ronaldo
Eric Cantona
Eusebio
Fabio Cannavaro
Ferenc Puskas
Franz Beckenbauer
George Best
Johan Cruyff
Kaká
Karim Benzema
Karl-Heinz Rummenigge
Kevin Keegan
Kylian Mbappé
Lev Yashin
Lionel Messi
Lothar Matthäus
Luis Figo
Luka Modrić
Manuel Neuer
Marco van Basten
Michel Platini
Neymar
Paolo Maldini
Raul
Rivaldo
Roberto Baggio
Ronaldinho
Thierry Henry
Zico
 
Answer Stats
Answer % Correct
Andrés Iniesta
84%
Bobby Charlton
51%
Kylian Mbappé
50%
Fabio Cannavaro
48%
Kaká
42%
Lionel Messi
42%
Franz Beckenbauer
41%
Manuel Neuer
31%
Ronaldinho
28%
Rivaldo
24%
Thierry Henry
24%
Lothar Matthäus
19%
No matching quizzes found
Score Distribution
Percent of People with Each Score
Percentile by Number Answered
Your Score History
You have not taken this quiz